Conflito de competn̊cias para repressô administrativa ambiental Critřio de Soluȯ̂ /

Bibliographic Details
Main Author: Akegawa Barbosa, Ronan
Format: eBook
Language:Portuguese
Published: San Pablo: Editora NELPA, 2014
Subjects:
Online Access:Acceso restringido

MARC

LEADER 00000nam a22000007a 4500
005 20150301193944.0
007 cr|||| ||||
008 150301s2014 br |||||s|||| 00||0 por d
020 |a 978-85-8020-432-2 
035 |a 12618 
040 |a vLex 
090 |c 5366  |d 5366 
100 1 |a Akegawa Barbosa, Ronan 
245 1 0 |a Conflito de competn̊cias para repressô administrativa ambiental  |h [Recurso electrn̤ico] :  |b Critřio de Soluȯ̂ /  |c Ronan Akegawa Barbosa 
256 |a Servicio en ln̕ea 
260 |a San Pablo:  |b Editora NELPA,  |c 2014 
300 |a 1 recurso electrn̤ico 
506 1 |a Disponible solo en los productos indicados  |d vLex Global  |d vLex Global (Academic Edition, excluding Law Schools)  |d vLex Global (U.S. Academic Edition, Law Schools)  |d vLex Global (U.S. Academic Edition, excluding Law Schools)  |d vLex Global (Academic Edition, Law Schools) 
650 0 4 |a Derecho del Medio Ambiente  |z Brasil 
740 0 |a vLex Libros (Servicio en ln̕ea) 
856 4 0 |u http://vlex.com/source/conflito-de-compet-ncias-para-repress-o-administrativa-ambiental-criterio-de-solu-o-12618  |z Acceso restringido 
942 |c BOOK 
999 0 |a Environmental Law